Score 0/59 Timer 10:00
0 Plays Today
Son-in-Law President % Correct
Edwin Arthur SchlossbergJohn F. Kennedy
82%
Dwight David Eisenhower IIRichard Nixon
75.4%
Marc MezvinskyBill Clinton
68.9%
Edward Ridley Finch CoxRichard Nixon
67.2%
Charles Spittal RobbLyndon B. Johnson
63.9%
Nicholas Longworth IVTheodore Roosevelt
62.3%
Patrick John NugentLyndon B. Johnson
60.7%
William Stephens SmithJohn Adams
57.4%
Henry Chase HagerGeorge W. Bush
57.4%
James Gregory WentzelJimmy Carter
55.7%
Thomas Mann Randolph, Jr.Thomas Jefferson
52.5%
Dennis C. RevellRonald Reagan
52.5%
Clarence John BoettigerFranklin D. Roosevelt
50.8%
Richard DerbyTheodore Roosevelt
49.2%
Elbert Clifton Daniel, Jr.Harry S. Truman
49.2%
William LeBlondGeorge H. W. Bush
49.2%
Robert P. KochGeorge H. W. Bush
49.2%
William Gibbs McAdooWoodrow Wilson
47.5%
James Allen SempleJohn Tyler
44.3%
Jefferson Finis DavisZachary Taylor
44.3%
Frederick Johnson ManningWilliam Howard Taft
44.3%
Ian Johnstone TurpinLyndon B. Johnson
44.3%
Charles VanceGerald Ford
44.3%
Vaden BalesGerald Ford
44.3%
David SillsRonald Reagan
44.3%
John FilipponeRonald Reagan
42.6%
John Wayles EppesThomas Jefferson
41%
Francis Bowes SayreWoodrow Wilson
41%
Curtis Bean DallFranklin D. Roosevelt
41%
Jared Corey KushnerDonald Trump
40%
Son-in-Law President % Correct
William Henry Harrison TaylorWilliam Henry Harrison
39.3%
William H. SpencerJohn Tyler
39.3%
Algernon Charles Francis SartorisUlysses S. Grant
39.3%
William Sydney Bence BosanquetGrover Cleveland
39.3%
Paul GrilleyRonald Reagan
39.3%
James Robert McKeeBenjamin Harrison
37.7%
John Cleves ShortWilliam Henry Harrison
36.1%
Henry Mandeville DenisonJohn Tyler
36.1%
James Addison HalstedFranklin D. Roosevelt
36.1%
William Munford EllisJohn Tyler
34.4%
Samuel Laurence GouverneurJames Monroe
32.8%
John Harlan AmenGrover Cleveland
32.8%
William Nevison WallerJohn Tyler
31.1%
David Trotter PattersonAndrew Johnson
31.1%
James Blaine WalkerBenjamin Harrison
27.9%
William Stanley DellGrover Cleveland
27.9%
Henry Lighfoot JonesJohn Tyler
26.2%
William Wallace Smith BlissZachary Taylor
26.2%
Frank Hatch JonesUlysses S. Grant
24.6%
Harry Eaton SmithRutherford B. Hayes
24.6%
Daniel StoverAndrew Johnson
23%
David K. EstesWilliam Henry Harrison
21.3%
John Henry Fithugh ThorntonWilliam Henry Harrison
21.3%
Robert Crooke WoodZachary Taylor
21.3%
George HayJames Monroe
19.7%
Charles PinkertonChester A. Arthur
19.7%
William BrownAndrew Johnson
14.8%
Philip Pendelton DandridgeZachary Taylor
13.1%
Joseph Stanley-BrownJames A. Garfield
13.1%
Remove Ads.
Support Sporcle.
Get the best of Sporcle when you Go Orange. This ad-free experience offers more features, more stats, and more fun while also helping to support Sporcle. Thank you for becoming a member.

You're not logged in!

Compare scores with friends on all Sporcle quizzes.
OR
Log In

Show Comments

Extras

Created Oct 27, 2010ReportNominate
Tags:US Presidents Quiz

Top Quizzes Today


Score Distribution

Your Account Isn't Verified!

In order to create a playlist on Sporcle, you need to verify the email address you used during registration. Go to your Sporcle Settings to finish the process.

Report this User

Report this user for behavior that violates our Community Guidelines.

Details: